000 00451nam a2200169Ia 4500
008 230711s9999||||xx |||||||||||||| ||und||
020 _a978-81-224-1467-7
041 _aENG
082 _a624
_bJU-F
100 _aJuneja,B L
245 0 _aFundamentals of metal cutting and machine tool
250 _a2nd Ed.
260 _c2018
_aNew Delhi
_bNew Age International Publishers
650 _aMechanical Engineering
700 _aSekhon,G S
942 _cBK
999 _c1169
_d1169